| 000 | 00769nam a22001337a 4500 | ||
|---|---|---|---|
| 040 | _cRUA | ||
| 082 | _aVEM PHO 2015 B533 Or.1 | ||
| 100 | _aPHON PHEAK; ភុន ភ័ក | ||
| 245 | _aSurvation on common disease of pigs in the farm from 14 week to 25 week in krong chbamorn, kampong speu province; ការអង្កេតជំងឺទូទៅលើជ្រូកសាច់នៅក្នុងកសិដ្ឋានចាប់ពីអាយុ ១៤សប្ដាហ៏ដល់អាយុ ២៥សប្ដាហ៏ស្ថិតនៅក្នុងក្រុងច្បារមន ខេត្តកំពង់ស្ពឺ | ||
| 260 |
_aPHNOM PENH _bPHO _c2015 |
||
| 300 |
_ax;48p. _bill. _c29cm. |
||
| 856 | _u PHON PHEAK | ||
| 942 | _cVEM | ||
| 999 |
_c10886 _d10886 |
||